000 00845nam a22001697a 4500
008 110904s1984 ua|||||r|||| 00| e ara d
082 _222
_a210.5
_bع ر و
245 _aالعروة الوثقى /
_cلمدير سياساتها جمال الدين الأفغاني ، محررها محمد عبده
260 _aالقاهرة :
_bالمركز العربي للبحث والنشر، 1984
_c1984
300 _a227 ص ؛
_c17 سم
500 _aصدرت في باريس 13 مارس 1884-16 أكتوبر 1884، جزآن في مجلد
541 _aعلاء عبد الغني ؛
_cإهداء ؛
650 _926962
_aالإسلام
_vدوريات
653 _bAra
942 _2ddc
_cBB
999 _c15940
_d15940